Piosenki Sobel - nagła śmierć - Statystyki

Ogólne statystyki
  • Ten quiz został rozwiązany 88 razy
  • Średni wynik to 10 z 15
Answers on the Grid
Answers color-coded by a green-red scale on the quiz's grid according to % correct below.
CAŁE LATO
Złote Tarasy
KOCHASZ?
Wyglądasz Idealnie
MVP
Wynalazek Filipa Golarza
Wyglądasz tak pięknie
Drobna sprawa
SEXTAPE
Przypadkiem
Cześć jak się masz?
Bestia
ILE LAT?
300 BANIEK
Impreza
JEREMY SOCHAN
NORADRENALINA
Bandyta
KANCLERZ
CHA CHA
DOLCE VITA
NA FORACH
Fiołkowe pole
Buzi
Z TYŁU GŁOWY
Duże Oczy
MORI
ZA KOGO MNIE MASZ?
Papito
NUDA
 
Statystyki odpowiedzi
Odpowiedź % Poprawnych
KOCHASZ?
92%
CAŁE LATO
89%
ILE LAT?
74%
SEXTAPE
74%
Cześć jak się masz?
72%
Impreza
70%
Bandyta
67%
CHA CHA
67%
Fiołkowe pole
67%
Wyglądasz tak pięknie
64%
Wynalazek Filipa Golarza
64%
ZA KOGO MNIE MASZ?
64%
Z TYŁU GŁOWY
64%
NORADRENALINA
44%
Drobna sprawa
41%
Nie znaleziono quizów pasujących do podanych kryteriów
Rozkład punktacji
Procent ludzi z każdym wynikiem
Percentyl według liczby udzielonych odpowiedzi
Twoja historia wyników
Nie rozwiązałeś tego quizu